| 000 | 01035nas a2200361 4500 | ||
|---|---|---|---|
| 001 | BR0200717 | ||
| 003 | BR-BrBNA | ||
| 005 | 20231205102726.0 | ||
| 007 | ta | ||
| 008 | 230509b bl.|||p| |||| 00| 00por d | ||
| 040 |
_aBR-BrBNA _bpor _cBiblioteca Nacional de Agricultura |
||
| 041 | _a(Pt) | ||
| 072 | _aH20 | ||
| 100 | 1 | _aGonçalves, P. de S. | |
| 100 | 1 | _aBortoletto, N. | |
| 100 | 1 | _aSambugaro, R. | |
| 100 | 1 | _aFurtado, E.L. | |
| 100 | 1 | _aBataglia, O.C. | |
| 100 | 1 | _aOrtolani, A.A. | |
| 100 | 1 | _aGodoy Júnior, G. | |
| 245 | 1 | _aDesempenho de clones de seringueira de origem amazônica no planalto do Estado de São Paulo | |
| 650 | _aSERINGUEIRA | ||
| 650 | _aCLONE | ||
| 650 | _aANTRACNOSE | ||
| 650 | _aCASCA | ||
| 650 | _aESPESSURA | ||
| 650 | _aSANGRIA | ||
| 650 | _aRENDIMENTO | ||
| 650 | _aSÃO PAULO | ||
| 773 | 0 |
_tPesquisa Agropecuária Brasileira (Brazil) _xISSN 0100-204X _g(Dec 2001), v. 36(12) p. 1469-1477 _wBR0200717 |
|
| 909 |
_a202311 _bLúcia _c55 _dLúcia Elande |
||
| 942 |
_2AGRIS _n0 _cANA |
||
| 999 |
_c169009 _d169009 |
||